Quiz sur l'histoire de Carcassonne - Statistiques

Statistiques générales
  • Ce quiz a été pris 68 fois
  • Le résultat moyen est 9 sur 15
Statistiques - réponses
Question Réponse % Correct
Qui a restauré les fortifications de Carcassonne au XIXᵉ siècle ? Eugène Viollet-le-Duc
83%
Quel est le nom de la porte principale qui permet d'entrer dans la cité fortifiée ? La Porte Narbonnaise
77%
Quel produit agricole est historiquement lié à la région autour de Carcassonne ? Le vin
77%
Quel célèbre jeu de société porte le nom de Carcassonne ? Un jeu de stratégie médiévale
77%
La légende raconte que Dame Carcas aurait sauvé la cité en utilisant quel stratagème ? Lâcher des animaux en surplus de vivres
70%
En 1209, Carcassonne a été prise lors d'une croisade. De quelle croisade s'agissait-il ? La Croisade des Albigeois
68%
Quel rôle stratégique jouait Carcassonne pendant l'Empire romain ? Une forteresse défensive
68%
En quelle année la cité de Carcassonne a-t-elle été inscrite au patrimoine mondial de l’UNESCO ? 1997
64%
Comment s’appelle la basilique située dans la cité médiévale ? Saint-Nazaire
60%
Quelle civilisation a fondé la première cité de Carcassonne ? Les Romains
55%
Combien de tours possède la célèbre cité médiévale de Carcassonne ? 52
45%
Carcassonne a servi de lieu de tournage pour des films historiques. Lequel de ces films y a été tourné ? "Robin des Bois : Prince des voleurs"
34%
Quel célèbre chef croisé a capturé Carcassonne ? Simon de Montfort
30%
Carcassonne est située sur quel ancien itinéraire commercial majeur ? La Via Acquitania
26%
Quel roi de France a annexé Carcassonne à la couronne française au XIIIᵉ siècle ? Philippe III
21%
Aucun quiz correspondant
Distribution des résultats
% des personnes avec chaque résultat
Percentile par nombre de réponses
Votre historique - résultats
Vous n’avez pas pris ce quiz